Money, expectations, and business cycles essays in macroeconomics
Uložené v:
| Hlavný autor: | |
|---|---|
| Médium: | Kniha |
| Jazyk: | English |
| Vydavateľské údaje: |
New York
Academic Press
1981
|
| Edícia: | Economic theory, econometrics, and mathematical economics
|
| Tagy: |
Žiadne tagy, Buďte prvý, kto otaguje tento záznam!
|
MARC
| LEADER | 00000nam a2200000 4500 | ||
|---|---|---|---|
| 001 | c131586 | ||
| 005 | 20041019155252.7 | ||
| 041 | 0 | |a eng | |
| 044 | |a US | ||
| 245 | 1 | 0 | |a Money, expectations, and business cycles |b essays in macroeconomics |c Robert J. Barro |
| 264 | 1 | |a New York |b Academic Press |c 1981 | |
| 300 | |a 375 s. | ||
| 490 | 1 | |a Economic theory, econometrics, and mathematical economics | |
| 830 | 0 | |a Economic theory, econometrics, and mathematical economics | |
| 100 | 1 | |a Barro, Robert J. | |